Представление документа в формате RUSMARC

ПолеНазваниеЗначение
  Тип записи a
  Библиографический уровень m
001 Контрольный номер f1d92a3e533a4dbeb256c41d47e1d4b1
005 Дата корректировки 20201206220038.1
010 Индекс ISBN __
a ISBN 978-54448-0579-4(в пер.)
d Цена 687-06, 2000 экз.
100 Данные общей обработки __
a Данные общей обработки 19180706d2016||||||| 0rusy0189 ca
101 Язык документа 1_
a Язык текста rus
c Язык оригинала fre
102 Страна публикации __
a Страна публикации ru
102 Страна публикации __
a Страна публикации ru
105 Кодированные данные (монография) __
a Кодированные данные (монография) |||#||||||1zy
200 Заглавие и сведения об ответственности 1_
a Заглавие От Ренессанса до эпохи Просвещения
f Первые сведения об ответственности [Филипп Арьес и др.] ; под общей редакцией Филиппа Арьеса и Жоржа Дюби ; [перевод с французского М. Неклюдовой, О. Панайотти]
b Общее обозначение материала Текст
205 Сведения об издании __
a Основные сведения об издании [2-е издание]
210 Выходные данные __
a Место издания Москва
c Издательство Новое литературное обозрение
d Дата издания 2016
215 Физическое описание __
a Объем 717, [2] с.
d Формат 21 см
225 Серия __
a Серия Культура повседневности
320 Библиография __
a Библиография Библиография: с. 693-705
320 Библиография __
a Библиография Алфавитный указатель: с. 706-718
330 Аннотация __
a Аннотация В третьем томе рассказывается о том, как Европа и Америка вступают в Новое время: осознание идеи индивидуальности, распространение грамотности, религиозная Реформация оказывают влияние на частную жизнь, впервые позволяя сделать ее по-настоящему приватной, меняя отношение к браку, детям и дружбе, вере, этикету и политике.
461 Уровень набора __
1 200
a История частной жизни
v Том 3
1 210
a Москва
c Новое литературное обозрение
d 2017
1 225
1 010
606 Тематические рубрики __
a Основная рубрика История
606 Тематические рубрики __
a Основная рубрика Всемирная история
z Хронологическая подрубрика 16 в.
z Хронологическая подрубрика 17 в.
z Хронологическая подрубрика 18 в.
y Географическая подрубрика Западная Европа
y Географическая подрубрика Европа
y Географическая подрубрика Америка
610 Ключевые слова __
a Ключевые слова новое время
a Ключевые слова частная жизнь
a Ключевые слова собственность
a Ключевые слова религии
a Ключевые слова повседневная жизнь
a Ключевые слова повседневность
a Ключевые слова церковь
a Ключевые слова американское общество
a Ключевые слова аристократия
a Ключевые слова интимная жизнь
a Ключевые слова европейское общество
a Ключевые слова социальная история
a Ключевые слова реформация
a Ключевые слова духовная жизнь
a Ключевые слова литература
a Ключевые слова культура
a Ключевые слова жилье
a Ключевые слова семейный быт
a Ключевые слова семьи
686 Индексы других классификаций __
2 Код системы rubbks
a Классификационный индекс 63.3(0)-75
701 Альтернативная интеллектуальная ответственность _1
a Фамилия Эмар
b Имя М.
g Полное личное имя Морис
4 Код отношения 070
701 Альтернативная интеллектуальная ответственность _1
a Фамилия Кастан
b Имя Н.
g Полное личное имя Николь
4 Код отношения 070
701 Альтернативная интеллектуальная ответственность _1
a Фамилия Кастан
b Имя И.
g Полное личное имя Ив
4 Код отношения 070
701 Альтернативная интеллектуальная ответственность _1
a Фамилия Шартье
b Имя Р.
g Полное личное имя Роже
4 Код отношения 070
701 Альтернативная интеллектуальная ответственность _1
a Фамилия Колломп
b Имя А.
g Полное личное имя Ален
4 Код отношения 070
701 Альтернативная интеллектуальная ответственность _1
a Фамилия Фабр
b Имя Д.
g Полное личное имя Даниэль
4 Код отношения 070
701 Альтернативная интеллектуальная ответственность _1
a Фамилия Фарж
b Имя А.
g Полное личное имя Арлетт
4 Код отношения 070
701 Альтернативная интеллектуальная ответственность _1
a Фамилия Фландрен
b Имя Ж.-Л.
g Полное личное имя Жан-Луи
4 Код отношения 070
701 Альтернативная интеллектуальная ответственность _1
a Фамилия Фуазиль
b Имя М.
g Полное личное имя Мадлен
4 Код отношения 070
701 Альтернативная интеллектуальная ответственность _1
a Фамилия Желис
b Имя Ж.
g Полное личное имя Жак
4 Код отношения 070
701 Альтернативная интеллектуальная ответственность _1
a Фамилия Гулемо
b Имя Ж. М.
g Полное личное имя Жан Мари
4 Код отношения 070
701 Альтернативная интеллектуальная ответственность _1
a Фамилия Лебрен
b Имя Ф.
g Полное личное имя Франсуа
4 Код отношения 070
701 Альтернативная интеллектуальная ответственность _1
a Фамилия Ранум
b Имя О.
g Полное личное имя Орест
4 Код отношения 070
701 Альтернативная интеллектуальная ответственность _1
a Фамилия Ревель
b Имя Ж.
g Полное личное имя Жак
4 Код отношения 070
701 Альтернативная интеллектуальная ответственность _1
a Фамилия Арьес
b Имя Ф.
4 Код отношения 340
4 Код отношения 070
702 Вторичная интеллектуальная ответственность _1
a Фамилия Дюби
b Имя Ж.
4 Код отношения Редактор
4 Код отношения 340
702 Вторичная интеллектуальная ответственность _1
a Фамилия Неклюдова
b Имя М.
4 Код отношения Переводчик
4 Код отношения 730
702 Вторичная интеллектуальная ответственность _1
a Фамилия Панайотта
b Имя О.
4 Код отношения Переводчик
4 Код отношения 730
801 Источник записи _0
a Страна ru
b Организация Муниципальное бюджетное учреждение культуры "Централизованная библиотечная система" г. Сургут (Центральная городская библиотека им. А. С. Пушкина)
c Дата составления 20180706
g Правила каталогизации rpk
801 Источник записи _1
a Страна ru
b Организация Муниципальное бюджетное учреждение культуры "Централизованная библиотечная система" г. Сургут (Центральная городская библиотека им. А. С. Пушкина)
c Дата составления 20180706
g Правила каталогизации rpk
852 Данные о местонахождении __
j Шифр хранения 63.3(0)-75
i Авторский знак И 90
901 Тип документа __
t Тип документа n
a Ответственный КиК/Котельникова
w Контрольный № источника LIBNET\0000759815
903 Характеристики (МАРС) __
a Дата передачи 20180706
990 Данные о заказе (DOS) __
j Количество экземпляров (DOS) 1
t N записи в КСУ для И/У (DOS) 201807